Banned Around the World II Quiz Stats

Quiz Updated Jan 22, 2016

Challenge
Share
Tweet
Score 0/18 Timer 06:00
3 Plays Today
% Correct
Facebook
98.1%
Eating watermelon in public parks
97.8%
Spitting
96.6%
Christmas lights
93.1%
Climbing public trees
91.9%
Flying kites
91.3%
Kissing in cars
89.2%
Feeding pigeons
88.6%
References to time travel in TV shows or movies
88%
% Correct
Wearing masks during public assemblies or demonstrations
78.1%
Alec Baldwin
76%
The Big Bang Theory
74.6%
Kinder Surprise
68.6%
The King and I
58%
Rottweilers
56.6%
Women wearing pants
50.3%
Puns and wordplay in TV, radio, and ads
32.3%
Foie gras
18.3%

You're not logged in!

Compare scores with friends on all Sporcle quizzes.
Sign Up with Email
OR
Log In

You Might Also Like...

Show Comments

Extras

Top Quizzes Today


Score Distribution

Your Account Isn't Verified!

In order to create a playlist on Sporcle, you need to verify the email address you used during registration. Go to your Sporcle Settings to finish the process.